| 000 | 00494nam a2200145Ia 4500 | ||
|---|---|---|---|
| 008 | 220216s9999 xx 000 0 und d | ||
| 100 | _aKuriakose B. | ||
| 245 | 0 | _aCrepe rubbers | |
| 260 |
_bIn: Natural rubber: Agromanagement and crop processing. (Eds. P.J. George and C. Kuruvilla Jacob). Rubber Research Institute of India, Kottayam, India, pp. 399-413. _c2000 |
||
| 650 | _aCrepe grading | ||
| 650 | _aCrepe packing | ||
| 650 | _aPale latex crepe | ||
| 700 | _aGeorge K.M. | ||
| 942 | _cBS | ||
| 999 |
_c52607 _d52607 |
||